La Cábala / (Record no. 180834)

MARC details
000 -LEADER
campo de control de longitud fija 00775nab a2200229 i 4500
001 - NÚMERO DE CONTROL
campo de control 180834
003 - IDENTIFICADOR DE NÚMERO DE CONTROL
campo de control ES-MaACL
005 - FECHA Y HORA DE LA ÚLTIMA TRANSACCIÓN
campo de control 20250903225036.0
008 - DATOS DE LONGITUD FIJA--INFORMACIÓN GENERAL
campo de control de longitud fija 120718s1913 sp 000 s spa d
040 ## - FUENTE DE CATALOGACIÓN
Centro catalogador/agencia de origen ES-MaACL
100 1# - ENTRADA PRINCIPAL--NOMBRE DE PERSONA
Nombre de persona Comenge, Rafael,
Fechas asociadas al nombre 1856-1934
Término indicativo de función/relación Autor
9 (RLIN) 39990
245 13 - MENCIÓN DEL TÍTULO
Título La Cábala /
Mención de responsabilidad, etc. por Rafael Comenge
300 ## - DESCRIPCIÓN FÍSICA
Extensión Páginas 1-24
500 ## - NOTA GENERAL
Nota general Ejemplar fotocopiado
594 ## - Nota al título y mención de responsabilidad
Nota al título y mención de responsabilidad Precede al título: Conferencias del Ateneo de Madrid
610 24 - PUNTO DE ACCESO ADICIONAL DE MATERIA--NOMBRE DE ENTIDAD CORPORATIVA
Nombre de entidad corporativa o nombre de jurisdicción como elemento de entrada Ateneo de Madrid-
Subdivisión de forma Conferencias-
Subdivisión cronológica 1900-1939
9 (RLIN) 1907
650 #7 - PUNTO DE ACCESO ADICIONAL DE MATERIA--TÉRMINO DE MATERIA
Término de materia o nombre geográfico como elemento de entrada Cábala
Fuente del encabezamiento o término embne
9 (RLIN) 10652
655 #4 - TERMINO DE INDIZACIÓN--GENERO/FORMA
Datos o término principal de género/forma Conferencias
9 (RLIN) 234444
773 0# - ASIENTO DE ITEM FUENTE
Título La Palabra : revista taquigráfica,
Número Internacional Normalizado para Publicaciones Seriadas ISSN 2479-7723,
Parte(s) relacionada(s) N. 17-18 (sept. 1913), p. 1-24
Número bibliográfico anfitrión 2879
Número de control del registro 2879
Número de ítem anfitrión 2987
942 ## - ELEMENTOS DE ENTRADA SECUNDARIOS (KOHA)
Fuente del sistema de clasificación o colocación Clasificación decimal universal
Tipo de ítem Koha Artículo de revista
Suprimir en OPAC No
955 ## - CATALOGADOR - EDICIÓN
Nombre de catalogador Pilar Fernández Vera

No items available.